Statistics for Call of Duty Games

Click here to take the quiz!

General Stats

  • This quiz has been taken 26,413 times
    (15,685 since last reset)
  • The average score is 15 of 19

Answer Stats

YearGame% Correct
2007Modern Warfare
98%
2019Modern Warfare
96%
2010Black Ops
95%
2009Modern Warfare 2
92%
2022Modern Warfare II
92%
2012Black Ops II
91%
2015Black Ops III
89%
2003Call of Duty
87%
2005Call of Duty 2
82%
2018Black Ops 4
80%
2006Call of Duty 3
80%
2011Modern Warfare 3
79%
2017WWII
73%
2008World at War
69%
2020Black Ops Cold War
66%
2013Ghosts
66%
2014Advanced Warfare
65%
2016Infinite Warfare
58%
2021Vanguard
58%

Score Distribution

Percentile by Number Answered

Percent of People with Each Score

Your Score History

You have not taken this quiz since the last reset